300 Rappers By Picture - Statistics

General Stats
  • This quiz has been taken 81 times
    64 since last reset
  • The average score is 111 of 300
Answer Stats
Picture Answer % Correct
50 Cent
90%
Kanye West
88%
DJ Khaled
86%
Eminem
86%
Jay-Z
86%
Drake
84%
Dr Dre
84%
Bruno Mars
82%
Cardi B
82%
Dababy
82%
Ice Cube
82%
Lil Nas X
82%
Justin Bieber
80%
Lil Wayne
80%
Post Malone
80%
Rihanna
80%
21 Savage
78%
6ix9ine
78%
Ice Spice
78%
Nicki Minaj
78%
Snoop Dogg
78%
Travis Scott
78%
Xxxtentacion
78%
A$ap Rocky
76%
Chance the Rapper
76%
Future
76%
J Cole
76%
Juice Wrld
76%
Lil Uzi Vert
76%
The Weeknd
76%
Tupac
76%
Tyler the Creator
76%
Childish Gambino
73%
Jack Harlow
73%
Lil Baby
73%
The Notorious B.I.G
73%
Chris Brown
71%
Kendrick Lamar
71%
Frank Ocean
69%
Lil Yachty
69%
Mac Miller
69%
Pharrell Williams
69%
Jason Derulo
67%
Central Cee
65%
Jaden
65%
Eazy-E
63%
Lil Peep
63%
Lil Pump
63%
Lil Tecca
63%
Mariah Carey
63%
Pitbull
63%
Quavo
63%
Rick Ross
63%
André 3000
61%
Logic
61%
Pop Smoke
61%
Takeoff
61%
Trippie Redd
61%
King Von
59%
MF DOOM
59%
NBA YoungBoy
59%
Chief Keef
57%
Doechii
57%
Fetty Wap
57%
Jamie Foxx
57%
Kodak Black
57%
Lil Xan
57%
Nas
57%
NLE Choppa
57%
Offset
57%
Roddy Ricch
57%
Usher
57%
Baby Keem
55%
Beyoncé
55%
Denzel Curry
55%
Lil Durk
55%
Ludacris
55%
Megan Thee Stallion
55%
Playboi Carti
55%
Wiz Khalifa
55%
Young Thug
55%
Doja Cat
53%
French Montana
53%
Gunna
53%
Lil Mosey
53%
SZA
53%
YNW Melly
53%
Akon
51%
Busta Rhymes
51%
Don Toliver
51%
Gucci Mane
51%
Iggy Azalea
51%
Sexyy Red
51%
Yeat
51%
DMX
49%
Justin Timberlake
49%
Pusha T
49%
Tyla
49%
Kid Cudi
47%
PinkPantheress
47%
Polo G
47%
Rod Wave
47%
The Game
47%
Aaliyah
45%
Destroy Lonely
45%
JID
45%
Latto
45%
Glorilla
43%
Ken Carson
43%
Rae Sremmurd
43%
Ski Mask the Slump God
43%
T.I.
43%
Tyga
43%
Big Sean
41%
Dave
41%
Metro Boomin
41%
Nav
41%
T-Pain
41%
Freddie Gibbs
39%
Mobb Deep
39%
A$ap Ferg
37%
A Boogie Wit Da Hoodie
37%
Alicia Keys
37%
Birdman
37%
Danny Brown
37%
Earl Sweatshirt
37%
Lil Skies
37%
LL Cool J
37%
Steve Lacy
37%
Tay K
37%
Young M.A
37%
Anderson Paak.
35%
Lucki
35%
Mario Judah
35%
Nipsey Hussle
35%
PARTYNEXTDOOR
35%
Soulja Boy
35%
Tory Lanez
35%
Ty Dolla $ign
35%
Vince Staples
35%
JPEGMAFIA
33%
Kevin Gates
33%
Queen Latifah
33%
The Alchemist
33%
Action Bronson
31%
Bobby Shmurda
31%
FKA Twigs
31%
Lil Loaded
31%
Missy Elliott
31%
Teezo Touchdown
31%
A$ap Yams
29%
Benny The Butcher
29%
Big L
29%
Black Thought
29%
DJ Mustard
29%
Mos Def
29%
$not
29%
RZA
29%
Smokepurpp
29%
Sofaygo
29%
Solange
29%
Westside Gunn
29%
Big Boi
27%
Brent Faiyaz
27%
Conway The Machine
27%
Flo Rida
27%
Kali Uchis
27%
Malice
27%
Ol' Dirty Bastard
27%
Rakim
27%
Stormzy
27%
Tame Impala
27%
Young Nudy
27%
42 Dugg
24%
Erykah Badu
24%
James Blake
24%
Killer Mike
24%
Lazer Dim 700
24%
Little Simz
24%
Method Man
24%
Ne-Yo
24%
Pi'erre Bourne
24%
Q-Tip
24%
ScHoolboy Q
24%
Sean Paul
24%
Sheck Wes
24%
Skepta
24%
Slick Rick
24%
Xzibit
24%
Yung Lean
24%
070 Shake
22%
Ab-Soul
22%
A Tribe Called Quest
22%
DJ Drama
22%
Giveon
22%
GZA
22%
Isaiah Rashad
22%
Joey Bada$$
22%
Leon Thomas
22%
Mary J. Blige
22%
Ugly God
22%
YBN Nahmir
22%
Young Dolph
22%
Boldy James
20%
Cochise
20%
Ghostface Killah
20%
Mariah The Scientist
20%
MIKE
20%
Ms. Lauryn Hill
20%
Nelly
20%
Quadeca
20%
Sampha
20%
Waka Flocka Flame
20%
Bryson Tiller
18%
De La Soul
18%
Famous Dex
18%
Flo Milli
18%
Hotboii
18%
Jay Rock
18%
Key Glock
18%
Mach-Hommy
18%
Pooh Shiesty
18%
Rich The Kid
18%
Roc Marciano
18%
Tems
18%
Thundercat
18%
Timbaland
18%
6lack
16%
Bossman Dlow
16%
Eric B.
16%
George Clinton
16%
Jhené Aiko
16%
Jorja Smith
16%
Lancey Foux
16%
Left Eye
16%
Moneybagg Yo
16%
Paul Wall
16%
Raekwon
16%
Redveil
16%
Summer Walker
16%
The Roots
16%
A$ap Ant
14%
Bootsy Collins
14%
Capital Steez
14%
Coco Jones
14%
D'Angelo
14%
Daniel Caesar
14%
Earthgang
14%
J Hus
14%
Jme
14%
Kaytranada
14%
Kelly Rowland
14%
Lupe Fiasco
14%
Nate Dogg
14%
Noname
14%
Rapsody
14%
Ray J
14%
Rome Streetz
14%
The Pharcyde
14%
Veeze
14%
A$ap Nast
12%
Babyface Ray
12%
Domo Genesis
12%
Jim Legxacy
12%
Juicy J
12%
Kano
12%
Kool G Rap
12%
Mavi
12%
Smino
12%
Spotemgottem
12%
Ari Lennox
10%
Bas
10%
Bladee
10%
D. Savage
10%
Ecco2k
10%
Eem Triplin
10%
EST Gee
10%
Project Pat
10%
Rema
10%
Saba
10%
Saweetie
10%
Wyclef Jean
10%
Zack Fox
10%
A$ap Twelvyy
8%
Armani Caesar
8%
BJ The Chicago Kid
8%
Chad Hugo
8%
Ethereal
8%
Jazmine Sullivan
8%
Keyshia Cole
8%
Matt Ox
8%
Robert Glasper
8%
Snoh Aalegra
8%
Swizz Beats
8%
Young Scooter
8%
Zillakami
8%
Duwap Kaine
6%
Lil Gnar
6%
Tierra Whack
6%
Yung Bans
6%
No matching quizzes found
Score Distribution
Percent of People with Each Score
Percentile by Number Answered
Your Score History
You have not taken this quiz since the last reset